000 00654nam a2200193Ia 4500
005 20250508155249.0
008 008 250505s9999 xx 000 0 eng d
037 _aBooks to be hide in OPAC
040 _aFEDL
_beng
_cFEDL
041 _aeng
_2eng
084 _a379.954, Ind/O
_qFEDL
245 0 _aReport on educational developments in 1962-63
245 0 _cIndia. Education (Ministry of...)
260 _aNew Delhi, India
_bThe General Manager of Publications
_c1963
300 _a13p.
546 _a29th International conference on public education, Geneva, July, 1963
942 _cHB
_h379.954, Ind/O
999 _c1355622
_d1355622